| 000 | 01333nam0a2200313 4500 | ||
|---|---|---|---|
| 001 | RU\NLR\bibl\871020 | ||
| 005 | 20250614162103.0 | ||
| 010 |
_a5-98405-006-4 _91000 |
||
| 021 |
_aRU _b2005-54883 _92684 |
||
| 035 | _a(NLR Aleph) 000859639 | ||
| 090 |
_a1531682 _c1531682 |
||
| 100 | _a20051112d2005 |||y0rusy50 ca | ||
| 101 | 0 | _arus | |
| 102 | _aRU | ||
| 105 | _ay ||||||||| | ||
| 200 | 1 |
_aСМИ и выборы: ресурс и угроза политического мифотворчества _fЕ.С. Козина _gМоск. гос. ун-т им. М.В. Ломоносова, Фак. журналистики, Каф. период. печати |
|
| 210 |
_aМосква _cИКАР _cВК _d2005 |
||
| 215 |
_a59, [1] с. _d20 |
||
| 320 | _aБиблиогр.: с. 57-59 | ||
| 606 | 1 |
_aСредства массовой информации _xОсвещение вопросов избирательных кампаний _92083593 _3RU\NLR\auth\661259659 |
|
| 606 | 1 |
_aПолитическая мифология _92073242 _3RU\NLR\auth\661248130 |
|
| 686 | _aЧ600.0 | ||
| 686 | _aФ3(2)15 | ||
| 700 | 1 |
_aКозина _bЕ. С. _gЕлена Сергеевна _4070 |
|
| 801 | 0 |
_aRU _bNLR _c20051112 _grcr |
|
| 801 | 1 |
_aRU _bNLR _c20051112 |
|
| 942 | _cBOOK | ||
| 980 | _aNB | ||